000 03335cam a22012494i 4500
003 PE-LiUPU
005 20250813185315.0
008 141022s2013 sp a r 000 0 spa
020 _a9788490315675
035 _a(Sirsi) i9788490315675
040 _aPE-LiUPU
_bspa
_cPE-LiUPU
_erda
049 _aPRUA
080 _a347.56(100):69(091)
080 _a347.56(460):69
082 0 4 _a343.73
_bC93
100 1 _aCuenca López, Luis Javier,
_eautor.
245 1 0 _aAparejadores, arquitectos técnicos e ingenieros de la edificación :
_buna aproximación histórica a sus responsabilidades /
_cLuis Javier Cuenca López.
264 1 _aMadrid :
_bDykinson,
_c2013.
300 _a438 páginas :
_bilustraciones ;
_c25 centímetros.
336 _atext
_2rdacontent
337 _aunmediated
_2rdamedia
338 _avolume
_2rdacarrier
500 _aBasado en la tesis del autor.
504 _aBibliografía : páginas 399-406.
505 0 _aGestación de la profesión -- Influencia de los avatares en la gestación de las profesiones en la asunción de responsabilidaddes -- La revolución en las prfesiones técnicas tituladas tras la fundación de la real academia de las tres nobles.
526 _aP202
526 _aP201
526 _aP163
526 _aP162
526 _aP161
526 _aP160
526 _aP148
526 _aP147
526 _aP146
526 _aP145
526 _aP144
526 _aP143
526 _aP142
526 _aP141
526 _aP140
526 _aP139
526 _aP138
526 _aP137
526 _aP136
526 _aP135
526 _aP134
526 _aP133
526 _aP129
526 _aP128
526 _aP127
526 _aP120
526 _aP119
526 _aP118
526 _aP116
526 _aP115
526 _aP114
526 _aP110
526 _aP109
526 _aP108
526 _aP104
526 _aP103
526 _aP102
526 _aP99
526 _aP98
526 _aP97
526 _aP96
526 _aP95
526 _aP93
526 _aP90
526 _aP89
526 _aP88
526 _aP83
526 _aP82
526 _aP62
526 _aP59
526 _aP58
526 _aP57
526 _aP51
526 _aP49
526 _aP48
526 _aP47
526 _aP29
526 _aP24
526 _aP20
526 _aP19
526 _aP17
526 _aP15
526 _aP14
526 _aP12
526 _aP10
526 _aP09
526 _aP08
526 _aP07
526 _aP06
526 _aP05
526 _aP04
526 _aP01
650 1 7 _aArquitectos técnicos
_xResponsabilidad profesional
_zEspaña.
_2embne
650 2 7 _aResponsabilidad de los constructores
_vHistoria.
_2embne
910 _apeb
_cng
942 _2ddc
_cBOOK
949 _a343.73 C93
_wDEWEY
_c1
_i70649
_lCCODEBUL1
_mBUL
_p44.00
_r0
_sY
_tBOOK
_u2015-7-6
_xINGENIERIA
_PP06
_0COMPRA
_o.STAFF. Colección General
994 _aC0
_bPEPRU
596 _a1
999 _a343.73 C93
_wDEWEY
_c6471
_i70649
_f2021-11-9
_g7
_lCCODEBUL1
_mBUL
_p44.00
_q1
_r0
_sY
_tBOOK
_u2015-7-6
_xINGENIERIA
_PP06
_0COMPRA
_o.STAFF. Colección General
_d6471
980 _81
_gALBERTO SANCHEZ Responsable de Automatización